[Event "NRW-ch U16 Girls"]
[Site "Kranenburg"]
[Date "2009.04.14"]
[Round "2"]
[White "Foerster, Juliane"]
[Black "Bartholdus, Daniela"]
[Result "0-1"]
[WhiteElo "1082"]
[BlackElo "1423"]
[PlyCount "50"]
[EventDate "2009.04.13"]
[EventType "swiss"]
[EventRounds "7"]
[EventCountry "GER"]
[SourceTitle "EXT 2010"]
[Source "ChessBase"]
[SourceDate "2010.11.25"]
[SourceVersion "1"]
[SourceVersionDate "2010.11.25"]
[SourceQuality "1"]

1. e4 e6 2. d4 d5 3. exd5 exd5 4. Bd3 Bd6 5. Nf3 Ne7 6. 0-0 Nbc6 7. Nc3 Bg4 8. Be3 Qd7 9. h3 Bxh3 10. Nh2 Bxh2+ 11. Kxh2 Bf5 12. Bxf5 Nxf5 13. Qd2 0-0-0 14. Rfe1 Nxe3 15. Qxe3 Qf5 16. Qd2 g5 17. f3 h5 18. Ne2 Qg6 19. c3 f5 20. g3 Rde8 21. b4 Re6 22. a4 Rhe8 23. Kg2 h4 24. g4 fxg4 25. fxg4 Qe4+ 0-1

[Event "NRW-ch U16 Girls"]
[Site "Kranenburg"]
[Date "2009.04.14"]
[Round "3"]
[White "Foerster, Juliane"]
[Black "Brune, Lena Marie"]
[Result "0-1"]
[WhiteElo "1082"]
[BlackElo "1267"]
[PlyCount "46"]
[EventDate "2009.04.13"]
[EventType "swiss"]
[EventRounds "7"]
[EventCountry "GER"]
[SourceTitle "EXT 2010"]
[Source "ChessBase"]
[SourceDate "2010.11.25"]
[SourceVersion "1"]
[SourceVersionDate "2010.11.25"]
[SourceQuality "1"]

1. e4 e6 2. d4 d5 3. exd5 exd5 4. Bd3 Nc6 5. Nf3 Bg4 6. Be3 Nf6 7. 0-0 Bd6 8. h3 Be6 9. Nc3 0-0 10. Re1 Qd7 11. Ng5 Bf5 12. Bxf5 Qxf5 13. Ne2 Nb4 14. Rb1 Nxc2 15. g4 Qg6 16. Rf1 Nxe3 17. fxe3 Qxg5 18. Qd3 Rfe8 19. Rf3 Re7 20. Ng3 g6 21. Re1 Rae8 22. a3 h5 23. gxh5 Nxh5 0-1

[Event "NRW-ch U16 Girls"]
[Site "Kranenburg"]
[Date "2007.04.10"]
[Round "3"]
[White "Foerster, Juliane"]
[Black "Brustina, Valeriya"]
[Result "0-1"]
[WhiteElo "1072"]
[BlackElo "1311"]
[PlyCount "86"]
[EventDate "2007.04.09"]
[EventType "swiss"]
[EventRounds "7"]
[EventCountry "GER"]
[SourceTitle "EXT 2008"]
[Source "ChessBase"]
[SourceDate "2007.11.25"]
[SourceVersion "1"]
[SourceVersionDate "2007.11.25"]
[SourceQuality "1"]

1. e4 c5 2. Nf3 Nc6 3. Bc4 e6 4. 0-0 g6 5. Nc3 Bg7 6. d3 Nge7 7. Bg5 0-0 8. h3 a6 9. Re1 b5 10. Bb3 b4 11. Ne2 Bxb2 12. Rb1 Bg7 13. d4 Qb6 14. dxc5 Qxc5 15. Ned4 Nxd4 16. Bxe7 Nxf3+ 17. Qxf3 Qxe7 18. Rbd1 Bb7 19. Qd3 Rad8 20. f4 Qc5+ 21. Kh2 d5 22. exd5 Bxd5 23. Qxa6 Qf2 24. Bxd5 Rxd5 25. Qc4 Rfd8 26. Rxd5 Rxd5 27. Rf1 Qd4 28. Qxd4 Rxd4 29. Kg3 f5 30. Kf3 Rd2 31. Rf2 Rxf2+ 32. Kxf2 e5 33. g3 exf4 34. gxf4 Bc3 35. Ke3 Kf7 36. Kd3 Ke6 37. Kc4 h6 38. Kb3 g5 39. a4 gxf4 40. a5 f3 41. a6 Bd4 42. Kxb4 f2 43. Kb5 f1Q+ 0-1

[Event "NRW-ch U16 Girls"]
[Site "Kranenburg"]
[Date "2007.04.10"]
[Round "2"]
[White "Jansen, Nina"]
[Black "Foerster, Juliane"]
[Result "0-1"]
[WhiteElo "807"]
[BlackElo "1072"]
[PlyCount "44"]
[EventDate "2007.04.09"]
[EventType "swiss"]
[EventRounds "7"]
[EventCountry "GER"]
[SourceTitle "EXT 2008"]
[Source "ChessBase"]
[SourceDate "2007.11.25"]
[SourceVersion "1"]
[SourceVersionDate "2007.11.25"]
[SourceQuality "1"]

1. e4 e5 2. Nf3 Nc6 3. Bc4 Bc5 4. Ng5 Qxg5 5. 0-0 Nf6 6. d3 Qg6 7. Nd2 d6 8. Nf3 Bg4 9. a3 Nd4 10. Nh4 Qh5 11. Nf3 Nxf3+ 12. gxf3 Bxf3 13. Qxf3 Qxf3 14. b4 Bd4 15. Rb1 Ng4 16. Bxf7+ Qxf7 17. Be3 Qh5 18. Kg2 Qxh2+ 19. Kf3 Bxe3 20. Rh1 Qxf2+ 21. Kxg4 h5+ 22. Kh3 Rf8 0-1